• 首页
  • 本馆介绍
  • 公告通知
  • 最新文献
  • 馆藏检索
  • 电子资源
  • 读者导购
  • 参考咨询
  • 我的图书馆
  • 登录
  • 详细信息显示
  • 放入我的书架
  • 预约/预借图书
  • 作者相关作品
  • 分类相关作品
  • 丛书相关作品
  • 出版社相关作品

书目信息

  • 表格格式
  • 工作单格式
  • 卡片格式
题名:
中兴名相裴度
    
 
作者: 杨西江 著
分册:  
出版信息: 太原   北岳文艺出版社  2015
页数: 122页
开本: 24cm
丛书名: 廉政文化读本
单 册:
中图分类: K827=423 , K827
科图分类:
主题词: 政治人物--生平事迹--中国--唐代
电子资源:
ISBN: 978-7-5378-4579-3
000 01095nam 2200277 450
001 2372739598
005 20231209201247.45
010    @a978-7-5378-4579-3@dCNY35.00
100    @a20230705d2015 em y0chiy50 ea
101 0  @achi
102    @aCN@b140000
105    @aah a 000yd
200 1  @a中兴名相裴度@Azhong xing ming xiang pei du@f杨西江著
210    @a太原@c北岳文艺出版社@d2015
215    @a122页@c图, 摹真@d24cm
225 2  @a廉政文化读本@Alian zheng wen hua du ben
320    @a有书目 (第122页)
330    @a裴度, 唐朝名相, 历仕宪宗、穆宗、敬宗、文宗四朝, 其“威望德业”一直为世所重。本书以裴度生平为线索, 从其家族的裴氏家训、家戒入手, 条分缕析, 在讲述裴度功业、德行的同时, 阐释其廉政思想的精髓所在。本书以史为鉴, 采用故事的形式为读者呈现中国传统文化中的廉政思想, 对于当下的廉政文化建设具有重要的现实意义。
410  0 @12001 @a廉政文化读本
600  0 @a裴度,@f765-839@x生平事迹
606 0  @a政治人物@x生平事迹@y中国@z唐代
690    @aK827=423@v5
690    @aK827@v4
701  0 @a杨西江@Ayang xi jiang@4著
801  0 @aCN@b湖北三新@c20230705
905    @aZUCC@dK827@e11
    
    中兴名相裴度/杨西江著.-太原:北岳文艺出版社,2015
    122页:图, 摹真;24cm.-(廉政文化读本)
    
    
    ISBN 978-7-5378-4579-3:CNY35.00
    裴度, 唐朝名相, 历仕宪宗、穆宗、敬宗、文宗四朝, 其“威望德业”一直为世所重。本书以裴度生平为线索, 从其家族的裴氏家训、家戒入手, 条分缕析, 在讲述裴度功业、德行的同时, 阐释其廉政思想的精髓所在。本书以史为鉴, 采用故事的形式为读者呈现中国传统文化中的廉政思想, 对于当下的廉政文化建设具有重要的现实意义。
●
相关链接 在五车中查询图书 在当当中查询图书 在豆瓣中查询图书


正题名:中兴名相裴度     索取号:K827/11         预约/预借

序号 登录号 条形码 馆藏地/架位号 状态 备注
1 2001402745   2001402745   三新/湖北三新(第三批)/1615/ [索取号:K827/11] 在馆    
山东省滨州职业学院图书馆 欢迎您!
大连网信软件有限公司© 版权所有